000 00772nam a22002532a 4500
001 15704
003 BD-RjUL
005 20211208235854.0
008 140210s19831981enkad b 001 0 eng d
020 _a0566022494
035 _aOCLC ocm07752860 from D950920M
_a(BD-RjUL)15759
040 _aBUF
_cBUF
_dOCL
_dNAM
_dEQO
_dBD-RjUL
_beng
041 _aeng
082 _a658.404
_bHAA 1983
090 _aHD69.P75
_bH37 1981b
100 1 _aHarrison, F. L.
_948732
245 1 0 _aAdvanced project management /
_cF.L. Harrison
260 _aAldershot, Eng. :
_bGower,
_cc1981 [Reprint 1983].
300 _axiii, 317 p. :
_bill., charts ;
_c23 cm.
504 _aBibliography: p. 313-314
504 _aIncludes index.
650 0 _aProject management.
_948733
942 _2ddc
_cBK
_01
999 _c15704
_d15704